000 00821nam a2200253Ia 4500
003 OSt
005 20220918170804.0
006 a|||||r|||| 00| 0
007 ta
008 220917b |||||||| |||| 00| 0 eng d
020 _a9780521615617 (pbk)
_c119376.81
024 _a232,609
037 _b84629, 17/10/2007, International Book Distributors
_cTextual
040 _aARTS
_cARTS
_beng
041 _2eng
_aeng
082 _aO111:gM, P7
100 _aMarshall Gail Ed.
_918468
245 0 _aCambridge companion to the fin de siecle
260 _aCambridge
_bCambridge University Press USA
_c2007
300 _axvii, 266p.
_ccm.
650 _aENGLISH LITERATURE
942 _hO111:gM, P7
_cTEXL
_2CC
999 _c135789
_d135789